Una teoría de la función de consumo (Registro nro. 4608)
[ vista simple ]
| 000 -LEADER | |
|---|---|
| fixed length control field | 01363 a2200229 4500 |
| 001 - CONTROL NUMBER | |
| control field | 48540 |
| 005 - DATE AND TIME OF LATEST TRANSACTION | |
| control field | 20260407155749.0 |
| 008 - FIXED-LENGTH DATA ELEMENTS--GENERAL INFORMATION | |
| fixed length control field | 260407a1973 arg spa d |
| 003 - CONTROL NUMBER IDENTIFIER | |
| control field | AR-UNSa-BCEJYS |
| 040 ## - CATALOGING SOURCE | |
| Original cataloging agency | AR-UNSa-BCEJYS |
| Language of cataloging | spa |
| Transcribing agency | AR-UNSa-BCEJYS |
| 080 ## - UNIVERSAL DECIMAL CLASSIFICATION NUMBER | |
| Universal Decimal Classification number | 366 |
| Common auxiliary subdivision | Consumismo |
| 020 ## - INTERNATIONAL STANDARD BOOK NUMBER | |
| International Standard Book Number | 978-84-206-2036-7 |
| 100 1# - MAIN ENTRY--PERSONAL NAME | |
| Personal name | Friedman, Milton |
| 245 10 - TITLE STATEMENT | |
| Title | Una teoría de la función de consumo |
| 264 #1 - PRODUCTION, PUBLICATION, DISTRIBUTION, MANUFACTURE, AND COPYRIGHT NOTICE | |
| Place of production, publication, distribution, manufacture | Madrid : |
| Name of producer, publisher, distributor, manufacturer | Alianza Editorial |
| Date of production, publication, distribution, manufacture, or copyright notice | 1973 |
| 300 ## - PHYSICAL DESCRIPTION | |
| Extent | 297 p. |
| Dimensions | 20 cm. |
| 505 ## - FORMATTED CONTENTS NOTE | |
| Formatted contents note | 1. Introducción - 2. Los supuestos de la teoría pura del comportamiento del consumidor - 3. La hipótesis de la renta permanente - 4. Compatibilidad de la hipótesis de la renta permanente con los testimonios existentes acerca de la relación entre consumo y renta: los estudios de presupuestos familiares - 5. Concordancia de la hipòtesis de la renta permanente con los testimonios existentes acerca de la relación entre consumo y renta: los datos de series temporales - 6. Relación entre las hipótesis de la renta permanente y la renta relativa - 7. Testimonios, derivados de los datos de rentas, acerca de la importancia relativa de los componentes permanentes y transitorios de la renta - 8. Miscelánea - 9. Resumen y conclusión. |
| 590 ## - LOCAL NOTE (RLIN) | |
| Local note | niveau_biblio:m niveau_hierar:0 |
| 700 1# - ADDED ENTRY--PERSONAL NAME | |
| Personal name | Betancor Cubelo, Lorenzo |
| 700 1# - ADDED ENTRY--PERSONAL NAME | |
| Personal name | Vergara, José |
| 942 ## - ADDED ENTRY ELEMENTS (KOHA) | |
| Koha item type | |
| Withdrawn status | Lost status | Damaged status | Not for loan | Home library | Current library | Shelving location | Date acquired | Total checkouts | Full call number | Barcode | Date last seen | Price effective from | Koha item type |
|---|---|---|---|---|---|---|---|---|---|---|---|---|---|
| Biblioteca Prof. Eusebio Cleto del Rey | Biblioteca Prof. Eusebio Cleto del Rey | 07/04/2026 | 366 F899 | L13223 | 07/04/2026 | 07/04/2026 | Libro | ||||||
| Biblioteca Prof. Eusebio Cleto del Rey | Biblioteca Prof. Eusebio Cleto del Rey | 07/04/2026 | 366 F899 | L13222 | 07/04/2026 | 07/04/2026 | Libro |